000 00905nam a2200277 a 4500
001 59134
003 BD-RjUL
005 20211209080710.0
008 161221s1975 nyuc b 011 0 engs
020 _a0155405489 :
_c12.95
035 _a(BD-RjUL) 59258
040 _aDLC
_cDLC
_dMYG
_dBD-RjUL
_beng
041 _aeng
082 _223
_a301
_bIDE 1975
245 0 4 _aThe Idea of social structure :
_bpapers in honor of Robert K. Merton /
_cedited by Lewis A. Coser.
260 _aNew York :
_bHarcourt Brace Jovanovich,
_cc1975.
300 _aix, 547 p. :
_bill. ;
_c24 cm.
504 _aIncludes index and bibliography
600 1 0 _aMerton, Robert King,
_d1910-2003.
_9170252
650 0 _aSociology.
_9170250
650 0 _aSocial structure.
_9171427
700 1 _aMerton, Robert King,
_d1910-2003.
_9170252
700 1 _aCoser, Lewis A.,
_d1913-2003.
_9172134
942 _2ddc
_cBK
999 _c59134
_d59134